<?xml version="1.0" encoding="UTF-8"?>
<collection xmlns:xsi="http://www.w3.org/2001/XMLSchema-instance" xsi:schemaLocation="http://www.loc.gov/MARC21/slim http://www.loc.gov/standards/marcxml/schema/MARC21slim.xsd" xmlns="http://www.loc.gov/MARC21/slim">
 <record>
  <leader>00000cam a22000004a 4500</leader>
  <controlfield tag="001">UP-99796217611094823</controlfield>
  <controlfield tag="003">Buklod</controlfield>
  <controlfield tag="005">20140128135227.0</controlfield>
  <controlfield tag="006">m    go  j        </controlfield>
  <controlfield tag="007">ta</controlfield>
  <controlfield tag="008">140128s2013    xx     d     r    |||| u|</controlfield>
  <datafield tag="020" ind1=" " ind2=" ">
   <subfield code="a">9781400069743 (hbk. : alk. paper)</subfield>
  </datafield>
  <datafield tag="035" ind1=" " ind2=" ">
   <subfield code="a">(iLib)UPD-00212404139</subfield>
  </datafield>
  <datafield tag="040" ind1=" " ind2=" ">
   <subfield code="a">DLC</subfield>
   <subfield code="d">DASP</subfield>
  </datafield>
  <datafield tag="041" ind1="0" ind2=" ">
   <subfield code="a">eng</subfield>
  </datafield>
  <datafield tag="090" ind1=" " ind2=" ">
   <subfield code="a">D 753</subfield>
   <subfield code="b">O47 2013</subfield>
  </datafield>
  <datafield tag="100" ind1="1" ind2=" ">
   <subfield code="a">Olson, Lynne</subfield>
  </datafield>
  <datafield tag="245" ind1="1" ind2="0">
   <subfield code="a">Those angry days</subfield>
   <subfield code="b">Roosevelt, Lindbergh, and America's fight over World War II, 1939-1941</subfield>
   <subfield code="c">Lynne Olson.</subfield>
  </datafield>
  <datafield tag="264" ind1=" " ind2="1">
   <subfield code="a">New York</subfield>
   <subfield code="b">Random House</subfield>
   <subfield code="c">c2013.</subfield>
  </datafield>
  <datafield tag="300" ind1=" " ind2=" ">
   <subfield code="a">xxii, 548 p.</subfield>
   <subfield code="b">ill.</subfield>
  </datafield>
  <datafield tag="505" ind1="0" ind2=" ">
   <subfield code="a">&quot;A Modern Galahad&quot; -- &quot;We Were Fools&quot; -- &quot;Where Is My World?&quot; -- &quot;You Haven?t Got the Votes&quot; -- &quot;This War Has Come Home to Me&quot; -- &quot;I Am Almost Literally Walking on Eggs&quot; -- &quot;Paranoia Can Be Catching&quot; -- &quot;The Art of Manipulation&quot; -- &quot;Is This War Our Concern?&quot; -- &quot;Why Do We Not Defend Her?&quot; -- &quot;The Greatest of All Our Ambassadors&quot; -- &quot;The People Saved the Day&quot; -- &quot;Congress Is Going to Raise Hell&quot; -- &quot;An American First, and a Republican Afterward&quot; -- &quot;The Yanks Are Not Coming&quot; -- &quot;The Bubonic Plague Among Writers&quot; -- &quot;A National Disgrace&quot; -- &quot;Well, Boys, Britain?s Broke&quot; -- &quot;A Race Against Time&quot; -- &quot;A Traitorous Point of View&quot; -- &quot;Der Fuhrer Thanks You For Your Loyalty&quot; -- &quot;Where Is This Crisis?&quot; -- &quot;Propaganda...With a Very Thick Coating of Sugar&quot; -- &quot;Setting the Ground for Anti-Semitism&quot; -- &quot;He Was Not Going to Lead the Country Into War&quot; -- &quot;The Greatest Scoop in History&quot; -- &quot;Let?s Lick Hell Out of Them&quot; -- Aftermath.</subfield>
  </datafield>
  <datafield tag="600" ind1="1" ind2="0">
   <subfield code="a">Roosevelt</subfield>
   <subfield code="y">Franklin D.</subfield>
   <subfield code="q">(Franklin Delano)</subfield>
   <subfield code="d">1882-1945</subfield>
   <subfield code="x">Political and social views.</subfield>
  </datafield>
  <datafield tag="600" ind1="1" ind2="0">
   <subfield code="a">Lindbergh, Charles A.</subfield>
   <subfield code="q">(Charles Augustus)</subfield>
   <subfield code="d">1902-1974</subfield>
   <subfield code="x">Political and social views.</subfield>
  </datafield>
  <datafield tag="650" ind1=" " ind2="0">
   <subfield code="a">World War</subfield>
   <subfield code="y">1939-1945</subfield>
   <subfield code="z">United States.</subfield>
  </datafield>
  <datafield tag="650" ind1=" " ind2="0">
   <subfield code="a">World War</subfield>
   <subfield code="y">1939-1945</subfield>
   <subfield code="x">Diplomatic history.</subfield>
  </datafield>
  <datafield tag="650" ind1=" " ind2="0">
   <subfield code="a">Isolationism</subfield>
   <subfield code="z">United States</subfield>
   <subfield code="x">History</subfield>
   <subfield code="y">20th century.</subfield>
  </datafield>
  <datafield tag="650" ind1=" " ind2="0">
   <subfield code="a">Intervention (International law)</subfield>
   <subfield code="x">History</subfield>
   <subfield code="y">20th century.</subfield>
  </datafield>
  <datafield tag="650" ind1=" " ind2="0">
   <subfield code="a">Political culture</subfield>
   <subfield code="z">United States</subfield>
   <subfield code="x">History</subfield>
   <subfield code="y">20th century.</subfield>
  </datafield>
  <datafield tag="651" ind1=" " ind2="0">
   <subfield code="a">United States</subfield>
   <subfield code="x">Politics and government</subfield>
   <subfield code="y">1933-1945.</subfield>
  </datafield>
  <datafield tag="651" ind1=" " ind2="0">
   <subfield code="a">United States</subfield>
   <subfield code="x">Foreign relations</subfield>
   <subfield code="y">1933-1945.</subfield>
  </datafield>
  <datafield tag="651" ind1=" " ind2="0">
   <subfield code="a">United States</subfield>
   <subfield code="x">Military policy.</subfield>
  </datafield>
  <datafield tag="905" ind1=" " ind2=" ">
   <subfield code="a">FO</subfield>
  </datafield>
  <datafield tag="950" ind1=" " ind2=" ">
   <subfield code="a">Monograph</subfield>
  </datafield>
  <datafield tag="852" ind1="0" ind2=" ">
   <subfield code="a">UPD</subfield>
   <subfield code="b">DASP</subfield>
   <subfield code="h">D 753</subfield>
   <subfield code="i">O47 2013</subfield>
  </datafield>
  <datafield tag="942" ind1=" " ind2=" ">
   <subfield code="a">Book</subfield>
  </datafield>
 </record>
</collection>
